BIBLIOTECA Y CENTRO DE DOCUMENTACIÓN

Lezioni sull' integrazione delle equazioni differenziali : (Registro nro. 15699)

Detalles MARC
000 -CABECERA
fixed length control field 00661nam a2200193 4500
005 - FECHA Y HORA DE LA ULTIMA TRANSACCIÓN
control field 20260508063901.0
008 - ELEMENTOS DE LONGITUD FIJA
fixed length control field 210611b1921 it ||||| |||| 00| 0 ita d
040 ## - FUENTE DE CATALOGACIÓN
Agencia de catalogación original AR-MoUNM
082 0# - NÚMERO DE CLASIFICACIÓN DECIMAL DEWEY (C.D.D.)
Número de la edición 20
Número del ítem CHIN 539
100 1# - ENTRADA PRINCIPAL - NOMBRE DE PERSONA
Nombre personal Chini, Mineo.
9 (RLIN) 19952
245 10 - MENCIÓN DEL TÍTULO
Título Lezioni sull' integrazione delle equazioni differenziali :
Resto del título ad uso degli studenti di chimica /
Mención de responsabiblidad Mineo Chini.
260 ## - PUBLICACIÓN, DISTRIBICIÓN, ETC.
Lugar de publicación, distribución, etc. Livorno :
Nombre del editor, distribuidor, etc. Raffaello Giusti,
Fecha de publicación, distribución, etc. 1921.
300 ## - DESCRIPCIÓN FÍSICA
Extensión 200 p.
650 #7 - ENTRADA SECUNDARIA DE MATERIA - TÉRMINO TEMÁTICO
Término temático o nombre geográfico como elemento de entrada MATEMATICAS
Fuente de la entrada o término unescot
9 (RLIN) 59
650 #7 - ENTRADA SECUNDARIA DE MATERIA - TÉRMINO TEMÁTICO
Término temático o nombre geográfico como elemento de entrada ECUACION
Fuente de la entrada o término unescot
9 (RLIN) 767
650 #7 - ENTRADA SECUNDARIA DE MATERIA - TÉRMINO TEMÁTICO
Término temático o nombre geográfico como elemento de entrada QUIMICA
Fuente de la entrada o término unescot
9 (RLIN) 377
856 ## - LOCALIZACIÓN Y ACCESO ELECTRÓNICOS
Tipo de formato electrónico img
Identificador Uniforme del Recurso <a href="http://biblioteca.unm.edu.ar/documentos/imagenes/catalogacion.jpg">http://biblioteca.unm.edu.ar/documentos/imagenes/catalogacion.jpg</a>
942 ## - ADDED ENTRY ELEMENTS (KOHA)
Item type Libro en proceso técnico
Existencias
Withdrawn status Lost status Damaged status Not for loan Home library Current library Date acquired Source of acquisition Total Checkouts Date last seen Copy number Price effective from Koha item type
        Colección general Colección general 11/06/2021 Donación Sandra Battaglino   11/06/2021 Ej. C 11/06/2021 Libro en proceso técnico
Biblioteca UNM
Universidad Nacional de Moreno
Av. Bme. Mitre Nº 1891 (B1744OHC) Moreno
Provincia de Buenos Aires, República Argentina
(0237) 460-9300 (líneas rotativas)
(011) 2078-9170 (líneas rotativas)
biblioteca@unm.edu.ar
Universidad del Bicentenario Argentino